MCQ;S IN PHARMACOLOGY (Record no. 24672)

MARC details
000 -LEADER
fixed length control field 00324nam a22001457a 4500
003 - CONTROL NUMBER IDENTIFIER
control field SGT
020 ## - INTERNATIONAL STANDARD BOOK NUMBER
International Standard Book Number 978-93-88527-75-0
100 ## - MAIN ENTRY--PERSONAL NAME
Personal name DEOLEKAR, PRADNYA
245 ## - TITLE STATEMENT
Title MCQ;S IN PHARMACOLOGY
250 ## - EDITION STATEMENT
Edition statement 1st
260 ## - PUBLICATION, DISTRIBUTION, ETC. (IMPRINT)
Place of publication, distribution, etc CBS, PUB
Name of publisher, distributor, etc DELHI
Year of Publication 2019
650 ## - SUBJECT ADDED ENTRY--TOPICAL TERM
Topical term or geographic name as entry element MCQ;S, PHARMACOLOGY
653 ## - KEYWORDS--INDEX TERM
Keyword term PHARMACOLOGY
942 ## - ADDED ENTRY ELEMENTS (KOHA)
Source of classification or shelving scheme Dewey Decimal Classification
Koha item type Books
Holdings
Withdrawn status Lost status Source of classification or shelving scheme Damaged status Not for loan Collection code Home library Current library Shelving location Date acquired Vendor Name SGTU Total Checkouts Accession No. (Barcode) Date last seen Bill Date Koha item type
    Dewey Decimal Classification     PHARMACY SGT FA-FP Library SGT FA-FP Library Text Book 03/08/2023 VIJAY BHALLA SGTU   DFP29 03/08/2023 03/08/2023 Books